"Homme du match" des finales de Ligue des Champions - Statistiques

Statistiques générales
  • Ce quiz a été pris 711 fois
    10 depuis la dernière actualisation
  • Le résultat moyen est 19 sur 26
Statistiques - réponses
ANNÉE FINALE HOMME DU MATCH % Correct
2025 PSG 5-0 Inter Milan Désiré Doué
100%
2026 PSG 1-1 Arsenal (4-3 t.a.b) Vitinha
100%
2017 Juventus 1-4 Real Madrid Cristiano Ronaldo
89%
2010 Bayern 0-2 Inter Milan Diego Milito
89%
2018 Real Madrid 3-1 Liverpool Gareth Bale
89%
2011 FC Barcelone 3-1 Manchester United Lionel Messi
89%
2002 Bayer Leverkusen 1-2 Real Madrid Zinédine Zidane
89%
2015 Juventus 1-3 FC Barcelone Andrés Iniesta
78%
2024 Borussia Dortmund 0-2 Real Madrid Dani Carvajal
78%
2020 PSG 0-1 Bayern Kingsley Coman
78%
2001 Bayern 1-1 Valence(5-4 t.a.b.) Oliver Kahn
78%
2016 Real Madrid 1-1 Atlético Madrid(5-3 t.a.b.) Sergio Ramos
78%
2005 Liverpool 3-3 AC Milan(3-2 t.a.b.) Steven Gerrard
78%
2019 Tottenham 0-2 Liverpool Virgil van Dijk
78%
2013 Borussia Dortmund 1-2 Bayern Arjen Robben
67%
2012 Bayern 1-1 Chelsea(3-4 t.a.b.) Didier Drogba
67%
2007 AC Milan 2-1 Liverpool Filippo Inzaghi
67%
2023 Manchester City 1-0 Inter Milan Rodri
67%
2006 FC Barcelone 2-1 Arsenal Samuel Eto'o
67%
2022 Real Madrid 1-0 Liverpool Thibaut Courtois
67%
2009 FC Barcelone 2-0 Manchester United Xavi
67%
2008 Chelsea 1-1 Manchester United(5-6 t.a.b.) Edwin van der Sar
56%
2021 Manchester City 0-1 Chelsea N'Golo Kanté
56%
2003 Juventus 0-0 AC Milan(2-3 t.a.b.) Paolo Maldini
56%
2014 Real Madrid 4-1 Atlético Madrid Angel Di Maria
44%
2004 AS Monaco 0-3 FC Porto Deco
44%
Aucun quiz correspondant
Distribution des résultats
% des personnes avec chaque résultat
Percentile par nombre de réponses
Votre historique - résultats
Vous n’avez pas pris ce quiz depuis la dernière actualisation